A Vida Quotidiana na Roma Antiga (Registo nº 761)

Detalhes MARC
000 -Etiqueta do registo
Cabeçalho 00769nam0a22003131 4500
005 - Identificador da versão
Campo de controlo 20240813121814.0
010 ## - Número internacional normalizado dos livros (ISBN)
Número (ISBN) 9722116622
021 ## - Número do Depósito Legal
Código do país PT
Número 217 392/04
035 ## - Other System Control Numbers
System Control Number 0000831
System Control Number 0000826
System Control Number 0000819
System Control Number 0000807
100 ## - Dados gerais de processamento
Dados gerais de processamento 20080110d20012005a e0pory5003 ba
102 ## - Pais de publicação ou produção
País de publicação Portugal
101 1# - Língua de publicação
Língua do texto, banda sonora, etc. Português
Língua do documento no original Inglês
106 ## - Campo de dados codificados: material textual
Dados codificados do material textual r
105 ## - Campo de dados codificados: livros
Dados codificados dos livros a z 001yy
215 ## - Descrição física 
Indicação específica da natureza do documento e extensão da espécie 46 p.
Outras indicações físicas il.
Dimensões cm
Material acompanhante 4 acetatos
200 1# - Titulo e menção de responsabilidade
Título próprio A Vida Quotidiana na Roma Antiga
Primeira menção de responsabilidade Neil Grant
Outras menções de responsabilidade trad. António Pescada
225 2# - Colecção 
Título próprio da colecção Descobrir a História
Indicação de volume 1
205 ## - Menção da edição
Menção da edição 1ª ed.
210 ## - Publicação, Distribuição, etc. 
Lugar da edição, distribuição, etc. Lisboa
Nome do editor, distribuidor, etc. Editorial Caminho
Data da publicação, distribuição, etc. 2005
702 #1 - Nome de autor-pessoa física (responsabilidade secundária)
Número de registo de entrada de autoridade 0001064
Código de função Ilustrador / Técnico de desenho computorizado
701 #1 - Nome de autor-pessoa física (co-responsabilidade principal)
Código de função Tradutor
942 ## - Elementos de entrada adicionados (Koha)
Tipo de item no Koha Livro
Exemplares
Situação do levantamento Origin of item (home branch) (coded) Biblioteca de empréstimo Código de barras Cota Circulation type (not for loan) Tipo de documento Nota do exemplar Damaged status
  Biblioteca Escolar Eng. Nuno Mergulhão Biblioteca Escolar Eng. Nuno Mergulhão BENM1437 8UNI GRA   Livro Sem mensagem